| 000 | 00705nam a2200241 a 4500 | ||
|---|---|---|---|
| 001 | BRCA_5367 | ||
| 005 | 20190320205041.0 | ||
| 008 | 081210s1944----u--a######---#000-0#eng-# | ||
| 041 | _aeng | ||
| 044 | _au | ||
| 050 | 4 |
_aNC248 _b.H55 1944 |
|
| 245 | 1 | 0 |
_aHilaire-Germain Edgard Degas _b30 drawings and pastels _c[Walter Mehring] |
| 260 |
_aEstados Unidos _bErich S. Hermann _c1944 |
||
| 300 |
_a30 p. _bil., 30 láminas _c32 cm. |
||
| 500 | _aE112 | ||
| 500 | _aEngargolado arillo metálico | ||
| 650 | 1 | 4 |
_aDibujos franceses _913738 |
| 650 | 1 | 4 |
_aDibujantes franceses _913739 |
| 650 | 1 | 4 |
_aPintores franceses _97726 |
| 700 | 1 |
_aMehring, Walter _ecompilador _913740 |
|
| 902 | _aGFM | ||
| 942 |
_2lcc _cB |
||
| 999 |
_c5061 _d5061 |
||